Applied Ritual: The Application of Blood and Oil on Bodies in the Pentateuchal Sources

Source critical analyses of the Pentateuch in recent scholarship have focused primarily on literary means for detecting distinct literary voices, and, in some recent publications, historical aspects of, particularly, the P source. In this article, I formulate a distinct approach to source criticism...

Full description

Saved in:  
Bibliographic Details
Main Author: Boyd, Samuel L. (Author)
Format: Electronic Article
Language:English
Check availability: HBZ Gateway
Interlibrary Loan:Interlibrary Loan for the Fachinformationsdienste (Specialized Information Services in Germany)
Published: 2021
In: Biblical interpretation
Year: 2021, Volume: 29, Issue: 2, Pages: 120-147
Standardized Subjects / Keyword chains:B Bible. Exodus 19-24 / Bible. Levitikus 8 / Bible. Levitikus 14 / Bible. Pentateuch, Bible. Pentateuch / Source criticism / Ritual / Blood / Oil
IxTheo Classification:HB Old Testament
Further subjects:B Ritual Theory
B neo-documentarianism
B Source Criticism
Online Access: Volltext (lizenzpflichtig)
Volltext (lizenzpflichtig)

MARC

LEADER 00000caa a2200000 c 4500
001 1755695578
003 DE-627
005 20210625114407.0
007 cr uuu---uuuuu
008 210422s2021 xx |||||o 00| ||eng c
024 7 |a 10.1163/15685152-00284P06  |2 doi 
035 |a (DE-627)1755695578 
035 |a (DE-599)KXP1755695578 
040 |a DE-627  |b ger  |c DE-627  |e rda 
041 |a eng 
084 |a 1  |2 ssgn 
100 1 |e VerfasserIn  |0 (DE-588)1169935117  |0 (DE-627)1037012542  |0 (DE-576)512323399  |4 aut  |a Boyd, Samuel L. 
109 |a Boyd, Samuel L. 
245 1 0 |a Applied Ritual  |b The Application of Blood and Oil on Bodies in the Pentateuchal Sources  |c Samuel L. Boyd 
264 1 |c 2021 
336 |a Text  |b txt  |2 rdacontent 
337 |a Computermedien  |b c  |2 rdamedia 
338 |a Online-Ressource  |b cr  |2 rdacarrier 
520 |a Source critical analyses of the Pentateuch in recent scholarship have focused primarily on literary means for detecting distinct literary voices, and, in some recent publications, historical aspects of, particularly, the P source. In this article, I formulate a distinct approach to source criticism that supports this resurgence of documentary analysis, examining in particular the ritual of blood and oil daubing on bodies in Exod. 19–24, Lev. 8 and 14. After summarizing the main point at issue (namely, access to the divine), I offer a documentary approach using ritual theory in the study of these texts. Finally, I highlight the manner in which the ritual study of Exod.19–24, Lev. 8 and 14 is consistent with both key historical and recent arguments in the documentary approach to the composition of the Pentateuch. 
650 4 |a neo-documentarianism 
650 4 |a Ritual Theory 
650 4 |a Source Criticism 
652 |a HB 
689 0 0 |d u  |0 (DE-588)4387453-8  |0 (DE-627)189145102  |0 (DE-576)211879231  |a Bibel  |2 gnd  |p Exodus  |n 19-24 
689 0 1 |d u  |0 (DE-588)4578279-9  |0 (DE-627)702725714  |0 (DE-576)213856263  |a Bibel  |2 gnd  |p Levitikus  |n 8 
689 0 2 |d u  |0 (DE-588)1069917591  |0 (DE-627)82302752X  |0 (DE-576)429598122  |a Bibel  |2 gnd  |p Levitikus  |n 14 
689 0 3 |d u  |0 (DE-588)4045113-6  |0 (DE-627)106202839  |0 (DE-576)209063939  |a Bible. Pentateuch  |2 gnd  |t Bibel  |p Pentateuch 
689 0 4 |d s  |0 (DE-588)4128542-6  |0 (DE-627)104465662  |0 (DE-576)20960297X  |2 gnd  |a Quellenkritik 
689 0 5 |d s  |0 (DE-588)4050164-4  |0 (DE-627)106183532  |0 (DE-576)209085878  |2 gnd  |a Ritual 
689 0 6 |d s  |0 (DE-588)4007259-9  |0 (DE-627)106374214  |0 (DE-576)20886945X  |2 gnd  |a Blut 
689 0 7 |d s  |0 (DE-588)4043225-7  |0 (DE-627)106210726  |0 (DE-576)209054778  |2 gnd  |a Öl 
689 0 |5 (DE-627) 
773 0 8 |i Enthalten in  |t Biblical interpretation  |d Leiden : Brill, 1993  |g 29(2021), 2, Seite 120-147  |h Online-Ressource  |w (DE-627)32764902X  |w (DE-600)2044259-2  |w (DE-576)094400830  |x 1568-5152  |7 nnas 
773 1 8 |g volume:29  |g year:2021  |g number:2  |g pages:120-147 
856 4 0 |u https://doi.org/10.1163/15685152-00284P06  |x Resolving-System  |z lizenzpflichtig  |3 Volltext  |7 1 
856 4 0 |u https://brill.com/view/journals/bi/29/2/article-p120_120.xml  |x Verlag  |z lizenzpflichtig  |3 Volltext  |7 1 
935 |a mteo  |a BIIN 
951 |a AR 
BIB |a 1 
BIR |a 29019000_29024999,30008000_30008999,30014000_30014999  |b biblesearch 
ELC |a 1 
ITA |a 1  |t 1 
LOK |0 000 xxxxxcx a22 zn 4500 
LOK |0 001 3914286660 
LOK |0 003 DE-627 
LOK |0 004 1755695578 
LOK |0 005 20210422042542 
LOK |0 008 210422||||||||||||||||ger||||||| 
LOK |0 035   |a (DE-Tue135)IxTheo#2021-04-21#A1D72BA3891DCBEB13DE1DB98E549D8066456692 
LOK |0 040   |a DE-Tue135  |c DE-627  |d DE-Tue135 
LOK |0 092   |o n 
LOK |0 852   |a DE-Tue135 
LOK |0 852 1  |9 00 
LOK |0 935   |a ixzs  |a zota 
LOK |0 939   |a 22-04-21  |b l01 
LOK |0 000 xxxxxcx a22 zn 4500 
LOK |0 001 3914458275 
LOK |0 003 DE-627 
LOK |0 004 1755695578 
LOK |0 005 20210625114407 
LOK |0 008 210422||||||||||||||||ger||||||| 
LOK |0 040   |a DE-Tue135-1  |c DE-627  |d DE-Tue135-1 
LOK |0 852   |a DE-Tue135-1 
LOK |0 852 1  |m p  |9 00 
LOK |0 852 2  |b www / FTH Z4-098 (Print)  |9 00 
LOK |0 85640  |u https://bibsearch.uibk.ac.at/permalink/f/1po5meu/UIB_alma51203544300003333 
LOK |0 85640  |u https://bibsearch.uibk.ac.at/AC00608919 
LOK |0 935   |a inzs 
LOK |0 936ln  |0 1442044128  |a HB 
LOK |0 938   |k p 
LOK |0 939   |a 22-04-21  |b l01 
ORI |a SA-MARC-ixtheoa001.raw 
STA 0 0 |a Blood,Blood,Oil,Ritual,Ritual,Rite,Ritual in art,Rites and ceremonies in literature,Rites and ceremonies in art,Source criticism 
STB 0 0 |a Critique des sources,Huile,Rituel,Rituel,Sang,Sang 
STC 0 0 |a Aceite,Crítica de las fuentes,Ritual,Ritual,Sangre,Sangre 
STD 0 0 |a Critica delle fonti,Olio,Rituale,Rituale,Sangue,Sangue 
STE 0 0 |a 仪式,来源批判,油,血液,血液 
STF 0 0 |a 來源批判,儀式,油,血液,血液 
STG 0 0 |a Crítica das fontes,Ritual,Ritual,Sangue,Sangue,Óleo,Azeite,Azeite 
STH 0 0 |a Критика источников,Кровь (мотив),Кровь,Масло,Ритуал (мотив),Ритуал 
STI 0 0 |a Αίμα (μοτίβο),Αίμα,Κριτική των πηγών,Λάδι,Τελετουργία (μοτίβο),Τελετουργία 
SUB |a BIB 
SYG 0 0 |a Papyrus des Imuthes,Le Papyrus d'Imouthès, fils de Psintaês , Ritus <Soziologie>,Rituale,Ritus,Rituale , Öle